[Event "FISCA Online op"]
[Site "Chess.com INT"]
[Date "2020.06.28"]
[Round "9"]
[White "Vlasenko, Miroslav"]
[Black "Sanjana, Raghunath"]
[Result "1-0"]
[WhiteElo "2431"]
[BlackElo "1726"]
[PlyCount "85"]
[EventDate "2020.06.19"]
[EventType "swiss"]
[EventRounds "9"]
[EventCountry "ROU"]
[SourceTitle "CBM 197 Extra"]
[Source "ChessBase"]
[SourceDate "2020.09.30"]
[SourceVersion "1"]
[SourceVersionDate "2020.09.30"]
[SourceQuality "1"]

1. d4 Nf6 2. Bg5 d5 3. e3 Bf5 4. Bxf6 exf6 5. Bd3 Bxd3 6. Qxd3 Bd6 7. Qb5+ Nc6 8. Qxb7 Nb4 9. Qb5+ c6 10. Qe2 Qb6 11. Nf3 0-0 12. 0-0 a5 13. Nc3 Rfe8 14. b3 f5 15. a3 Na6 16. Qd3 g6 17. Ne2 Nc7 18. c4 Qa6 19. Rfd1 a4 20. c5 Bf8 21. Qxa6 Rxa6 22. b4 Nb5 23. g3 Ra7 24. Kf1 Bh6 25. Rd3 f6 26. Nh4 Bg5 27. Ng2 Bh6 28. Nc3 Nc7 29. Rb1 Rb8 30. Rd2 g5 31. f4 Kf7 32. Rdb2 Nb5 33. Nxb5 Rxb5 34. Ne1 gxf4 35. gxf4 Re7 36. Kf2 Re4 37. Nd3 Re6 38. Kf3 Rb7 39. b5 Rbe7 40. Re1 cxb5 41. Rxb5 Ra6 42. Nb4 Raa7 43. Nc6 1-0

[Event "FISCA Online op"]
[Site "Chess.com INT"]
[Date "2020.06.26"]
[Round "7"]
[White "Baranciuc, Alexandr"]
[Black "Sanjana, Raghunath"]
[Result "1/2-1/2"]
[WhiteElo "2006"]
[BlackElo "1726"]
[PlyCount "82"]
[EventDate "2020.06.19"]
[EventType "swiss"]
[EventRounds "9"]
[EventCountry "ROU"]
[SourceTitle "CBM 197 Extra"]
[Source "ChessBase"]
[SourceDate "2020.09.30"]
[SourceVersion "1"]
[SourceVersionDate "2020.09.30"]
[SourceQuality "1"]

1. c4 Nf6 2. Nc3 e6 3. e4 Nc6 4. Nf3 d6 5. d4 Be7 6. Be2 e5 7. d5 Nb8 8. 0-0 0-0 9. Ne1 a5 10. Be3 Nbd7 11. Nd3 b6 12. f3 Nc5 13. a3 Nxd3 14. Bxd3 Nd7 15. b4 axb4 16. axb4 Bb7 17. Qb3 Bg5 18. Bf2 Qe7 19. Rfb1 g6 20. c5 dxc5 21. bxc5 Nxc5 22. Qc4 Nxd3 23. Qxd3 Rfd8 24. Qc4 Kg7 25. Rxa8 Rxa8 26. Nb5 Ba6 27. Qc6 Rc8 28. Na7 Rb8 29. h4 Bf6 30. Rc1 Qa3 31. h5 Bb7 32. Nb5 Qb2 33. h6+ Kxh6 34. Be3+ Kg7 35. Qxc7 Rc8 36. Qxb7 Rxc1+ 37. Bxc1 Qxc1+ 38. Kh2 Qh6+ 39. Kg1 Qc1+ 40. Kh2 Qh6+ 41. Kg1 Qc1+ 1/2-1/2